000 01132cab a2200253 4500
001 ABS46466
008 090401t1992 xxu||||| |||| 00| 0 eng d
035 _a(Sirsi) u58413
041 _aeng
100 _aWilliams, N.J.
245 4 _aThe register of sasines and the land register as data sources in Scotland
260 _c1992
350 _a0
490 _aBURISA
_v(103) May 1992, 9-12(4)
520 _aDescribes the scope and historical development of the 15 Registers of Scotland, a national system for recording the legal documents devised to safeguard the general public. Picked out for attention are the Register of Sasines and the Land Register which list deeds of heritable property and land. Although acknowledging their shortcomings as research tools, the author argues they provide a valuable and little-known means to compile databases of, for example, house resales and prices.
650 _aLAND REGISTRATION
650 _aPROPERTY TRANSACTIONS
650 _aREGISTER OF SASINES
650 _aSCOTLAND
690 _aLAND
690 _aPROPERTY LAW AND PRACTICE
942 _n0
948 _c04/03/1997
999 _c35658
_d35658